000 00819pam a2200265 a 4500
001 15985
003 BD-RjUL
005 20211208235927.0
008 140211s1988 nyua b 001 0 eng
020 _a047180455X
035 _a(BD-RjUL)16040
040 _aDLC
_cDLC
_dDLC
_dBD-RjUL
_beng
041 _aeng
082 0 0 _a658.4012
_219
_bDIG
100 1 _aDittrich, John E.
_949513
245 1 4 _aThe general manager and strategy formulation :
_bobjectives, missions, strategies, policies /
_cJohn E. Dittrich.
260 _aNew York :
_bWiley,
_cc1988.
300 _axii, 774, [6] p. :
_bill. ;
_c25 cm.
504 _aIncludes bibliographies and index.
650 0 _aIndustrial management.
_949514
650 0 _aStrategic planning.
_949515
942 _2ddc
_cBK
999 _c15985
_d15985